| 000 | 00705nam a2200205 a 4500 | ||
|---|---|---|---|
| 001 | 1199 | ||
| 005 | 20140414132000.0 | ||
| 008 | 041110s19uu xx 00 eng d | ||
| 050 |
_aTR 813.08 _bL41 1991 |
||
| 100 | _aLaw, Felicia | ||
| 245 |
_aLearn about shapes / _cStory by Felicia Law ; illustrations by Steve Smallman, Shirley Tourret. |
||
| 260 |
_aUK : _bWorld Books, _c1991. |
||
| 300 | _avp. : ill. ; cm. | ||
| 440 | _aEarly World of Learning-Poldy | ||
| 520 | _aPoldy and his friends have to solve a number of puzzles. Poldy achieves this by looking at the shapes of everyday objects. | ||
| 650 |
_aShapes _xFiction. |
||
| 650 | _aChildren stories. | ||
| 999 |
_c113045 _d113045 |
||